| 000 | 00681nam a22002297a 4500 | ||
|---|---|---|---|
| 001 | 000386 | ||
| 003 | DO-SdBNP | ||
| 005 | 20180206115112.0 | ||
| 007 | 000386 | ||
| 008 | 160713b 1991 sp ||||| |||| 00| 0 spa d | ||
| 020 | _a8479692189 | ||
| 040 |
_aBPMSU _bspa _cBPMSU |
||
| 092 |
_axxxxx _bxxxxx |
||
| 100 | 1 |
_aLu, Xun, _d1881-1936. |
|
| 245 | 1 | 0 |
_aLa verídica historia de A Q / _cLu Xun ; traducción Ernesto Posse. |
| 260 |
_aMadrid : _bCompañía Europea de Comunicación e Información, _c1991. |
||
| 300 |
_a93 p. ; _c19 cm. |
||
| 700 | 1 | 2 |
_aPosse, Ernesto _etr. |
| 942 |
_2ddc _cBK |
||
| 945 | _aInventariado, 2018 / BT | ||
| 956 |
_2LOPEREZ _310 _620160713 _8BPMSU _a00041 |
||
| 999 |
_c10867 _d10867 |
||